| 000 | 01036nas a2200313 4500 | ||
|---|---|---|---|
| 001 | BR0200694 | ||
| 003 | BR-BrBNA | ||
| 005 | 20231205102754.0 | ||
| 007 | ta | ||
| 008 | 230509b bl.|||p| |||| 00| 00por d | ||
| 040 |
_aBR-BrBNA _bpor _cBiblioteca Nacional de Agricultura |
||
| 041 | _a(Pt) | ||
| 072 | _aL10; L70 | ||
| 100 | 1 | _aRodriguez, V. | |
| 100 | 1 | _aLlambi, S. | |
| 100 | 1 | _aGuevara, K. | |
| 100 | 1 | _aPostiglioni, A. | |
| 100 | 1 | _aArruga, M.V. | |
| 111 | 1 |
_a14. Congresso Brasileiro de Reprodução Animal _cBelo Horizonte, MG (Brazil) _d1-5 Aug 2001 |
|
| 245 | 1 | _aAnálise da fragilidade do cromossomo sexual x induzida por afidicolina em bovinos Holando-uruguayo (Holstein-friesian) | |
| 650 | _aBOVINO | ||
| 650 | _aCROMOSSOMA | ||
| 650 | _aCITOGENÉTICA | ||
| 650 | _aMEDICAMENTO | ||
| 650 | _aINDUÇÃO | ||
| 773 | 0 |
_tRevista Brasileira de Reprodução Animal (Brazil) _xISSN 0102-0803 _g(Jul-Sep 2001), v. 25(3) p. 482-484 _wBR0200694 |
|
| 909 |
_a202311 _bLúcia _c55 _dLúcia Elande |
||
| 942 |
_2AGRIS _n0 _cANA |
||
| 999 |
_c169256 _d169256 |
||